| 000 | 02342nam0a2200349 4500 | ||
|---|---|---|---|
| 001 | RU\NLR\BIBL_A\022756917 | ||
| 005 | 20260408234134.0 | ||
| 035 | _a(NLR Aleph) 022756917 | ||
| 090 |
_a13639824 _c13639824 |
||
| 100 | _a20260317d1903 u y0rusy50 ca | ||
| 101 | 0 |
_arus _alav |
|
| 102 | _aRU | ||
| 105 | _ak z 000yy | ||
| 181 | 0 |
_ai _b xxe |
|
| 182 | 0 | _an | |
| 200 | 1 | _aРазсчетная книжка, утвержденная Лифляндским Губернским по фабричным делам Присутствием. Выданная из конторы фабрики Товарищества Ф. В. Натер. №_ | |
| 203 |
_aТекст _bвизуальный _cнепосредственный |
||
| 210 |
_aРига _cпечатано в Типо-Литографии П. Маннсфельда _dцензура 1903 |
||
| 215 |
_a59, [1] с., [18] л. бланков _d18 |
||
| 300 | _aТекст парал.: рус., латыш. | ||
| 327 | 1 | _aСодерж.: Извлечения из законов и правил ; Правила внутренняго распорядка на фабрике Товарищества Ф. В. Натер | |
| 464 | 0 |
_12001#$aПравила внутренняго распорядка на фабрике Товарищества Ф. В. Натер _15181#$aПравила внутреннего распорядка на фабрике Товарищества Ф. В. Натер _tПравила внутренняго распорядка на фабрике Товарищества Ф. В. Натер |
|
| 518 | 1 | _aРасчетная книжка, утвержденная Лифляндским губернским по фабричным делам присутствием. Выданная из конторы фабрики Товарищества Ф. В. Натер. №_ | |
| 606 |
_aРасчетные книжки _yРоссия _3RU\NLR\AUTH\6601767711 _92701060 |
||
| 686 | 3 | _aХ879(2)1 | |
| 710 | 0 | 0 |
_aНатер, _cРига _gФ. Б., _hфабрика _9886650 _3RU\NLR\AUTH\880614799 |
| 711 | 0 | 2 |
_aЛифляндское губернское по фабричным делам присутствие _3RU\NLR\AUTH\880441654 _9547275 |
| 852 |
_aNLR _j34.50.7.871 |
||
| 942 | _cBOOK | ||
| 980 | _aNB | ||